Geografía de la argentina /

Guardado en:
Autor Principal: Sarrailh, Efi E. O. de
Otros Autores: Andina, María A., Somoza, Elsa J.
Formato: Libro
Publicado: Buenos Aires : El Ateneo, 1989
Edición:3a. ed.
Materias:
Etiquetas: Agregar Etiqueta
Sin Etiquetas, Sea el primero en etiquetar este registro!
LEADER 02145nam a22004215a 4500
001 CEM.cems016309
008 130507s1989##################000#0#####d
005 20210928182336.0
003 CEMS
245 1 0 |a Geografía de la argentina /  |c Efi E. O. de Sarrailh, María A. Andina y Elsa J. Somoza 
250 |a 3a. ed. 
260 |a Buenos Aires :  |b El Ateneo,  |c 1989 
300 |a 227 p. 
505 0 |a República Argentina -- Formación del territorio argentino -- El medio físico -- El paisaje del noroeste -- El paisaje cuyano -- El paisaje patagónico -- El paisaje de las sierras pampeanas -- El paisaje de la gran llanura -- El paisaje misionero -- El sector antártico 
020 |a 9500272806 
100 1 |a Sarrailh, Efi E. O. de 
700 1 |a Andina, María A. 
700 1 |a Somoza, Elsa J. 
082 0 4 |a 918.2 
653 |a Geografía 
653 |a Geografía argentina 
859 |a CEMS  |b BIB. CEMS - Agricultura  |h 918.2  |i Sa75a3  |p A17475.93  |t Ej.1 
859 |a CEMS  |b BIB. CEMS - 11 de abril  |h 918.2  |i Sa75  |p 15287.88  |t Ej.1 
859 |a CEMS  |b BIB. CEMS - 11 de abril  |h 918.2  |i Sa75  |p 15455.89  |t Ej.3 
859 |a CEMS  |b BIB. CEMS - 11 de abril  |h 918.2  |i Sa75  |p 15456.89  |t Ej.4 
859 |a CEMS  |b BIB. CEMS - 11 de abril  |h 918.2  |i Sa75  |p 15458.89  |t Ej.5 
859 |a CEMS  |b BIB. CEMS - 11 de abril  |h 918.2  |i Sa75  |p 15593.89  |t Ej.6 
859 |a CEMS  |b BIB. CEMS - 11 de abril  |h 918.2  |i Sa75  |p 15594.89  |t Ej.7 
859 |a CEMS  |b BIB. CEMS - 11 de abril  |h 918.2  |i Sa75  |p 15595.89  |t Ej.8 
859 |a CEMS  |b BIB. CEMS - 11 de abril  |h 918.2  |i Sa75  |p 15596.89  |t Ej.9 
859 |a CEMS  |b BIB. CEMS - 11 de abril  |h 918.2  |i Sa75  |p 15597.89  |t Ej.10 
859 |a CEMS  |b BIB. CEMS - 11 de abril  |h 918.2  |i Sa75  |p 15598.89  |t Ej.11 
859 |a CEMS  |b BIB. CEMS - 11 de abril  |h 918.2  |i Sa75  |p 15955.90  |t Ej.12 
859 |a CEMS  |b BIB. CEMS - 11 de abril  |h 918.2  |i Sa75  |p 15956.90  |t Ej.13 
859 |a CEMS  |b BIB. CEMS - 11 de abril  |h 918.2  |i Sa75  |p 15957.90  |t Ej.14 
859 |a CEMS  |b BIB. CEMS - 11 de abril  |h 918.2  |i Sa75  |p 15599.89  |t Ej.15 
859 |a CEMS  |b BIB. CEMS - 11 de abril  |h 918.2  |i Sa75  |p 15600.89  |t Ej.16 
859 |a CEMS  |b BIB. CEMS - 11 de abril  |h 918.2  |i Sa75  |p 16778.92  |t Ej.17